The Arts in Latin America, 1492-1820 (Record no. 589)

MARC details
000 -CABECERA
campo de control de longitud fija 01119nam a2200241 a 4500
001 - NÚMERO DE CONTROL
campo de control BRCA_683
005 - FECHA Y HORA DE LA ÚLTIMA TRANSACCIÓN
campo de control 20190320203114.0
008 - DATOS DE LONGITUD FIJA--INFORMACIÓN GENERAL
campo de control de longitud fija 060609s2006 paua---##b---#000-0#eng-#
020 ## - NÚMERO INTERNACIONAL ESTÁNDAR DEL LIBRO
Número Internacional Estándar del Libro 0876332505
050 #4 - SIGNATURA TOPOGRÁFICA DE LA BIBLIOTECA DEL CONGRESO
Número de clasificación N6502
Número de documento/Ítem .A78 2006
245 10 - MENCIÓN DE TÍTULO
Título The Arts in Latin America, 1492-1820
Mención de responsabilidad, etc. organized by Joseph J. Rishel with Suzanne Stratton-Pruitt.
260 ## - PUBLICACIÓN, DISTRIBUCIÓN, ETC.
Lugar de publicación, distribución, etc. Philadelphia, PA
Nombre del editor, distribuidor, etc. Philadelphia Museum of Art
Fecha de publicación, distribución, etc. 2006
300 ## - DESCRIPCIÓN FÍSICA
Extensión xxiii, 568 p.
Otras características físicas il. a color
Dimensiones 32 cm.
440 #0 - MENCIÓN DE SERIE/PUNTO DE ACCESO ADICIONAL--TÍTULO
Título Philadelphia Museum of Art Series
9 (RLIN) 2247
500 ## - NOTA GENERAL
Nota general Catálogo de la exposición realizada en the Philadelphia Museum of Art, 20 septiembre - 31 diciembre, 2006, en el Antiguo Colegio de San Ildefonso (Ciudad de México), 3 febrero - 6 mayo, 2007 y en Los Angeles County Museum of Art, 10 junio - 3 septiembre, 2007
500 ## - NOTA GENERAL
Nota general 2do. ejemplar en el Área de Investigación
504 ## - NOTA DE BIBLIOGRAFÍA, ETC.
Nota de bibliografía, etc. Bibliografía: p. 536-563
650 14 - PUNTO DE ACCESO ADICIONAL DE MATERIA--TÉRMINO DE MATERIA
Término de materia o nombre geográfico como elemento de entrada Arte en América Latina
Subdivisión de forma Exposiciones
9 (RLIN) 2248
650 14 - PUNTO DE ACCESO ADICIONAL DE MATERIA--TÉRMINO DE MATERIA
Término de materia o nombre geográfico como elemento de entrada Arte colonial
Subdivisión de forma Exposiciones
Subdivisión geográfica América Latina
9 (RLIN) 2249
700 1# - PUNTO DE ACCESO ADICIONAL--NOMBRE DE PERSONA
Nombre de persona Rishel, Joseph J
9 (RLIN) 2250
700 1# - PUNTO DE ACCESO ADICIONAL--NOMBRE DE PERSONA
Nombre de persona Stratton-Pruitt, Suzanne
9 (RLIN) 2251
942 ## - ELEMENTOS DE PUNTO DE ACCESO ADICIONAL (KOHA)
Fuente del sistema de clasificación o colocación Library of Congress Classification
Tipo de ítem Koha Libros
Holdings
Estado de retiro Estado de pérdida Estado dañado No para préstamo Localización permanente Ubicación/localización actual Fecha de adquisición Total de préstamos Signatura topográfica completa Código de barras Fecha visto por última vez Precio válido a partir de Tipo de ítem Koha Código de colección
El ejemplar forma parte de la colección y puede ser consultado según las políticas vigentes.       Biblioteca del Museo Franz Mayer (Rogerio Casas-Alatriste) Biblioteca del Museo Franz Mayer (Rogerio Casas-Alatriste) 25/06/2008   N6502 .A78 2006 01011 22/03/2019 22/03/2019 Libros  
El ejemplar forma parte de la colección y puede ser consultado según las políticas vigentes.       Biblioteca del Museo Franz Mayer (Rogerio Casas-Alatriste) Biblioteca del Museo Franz Mayer (Rogerio Casas-Alatriste) 02/02/2012   N6502 .A78 2006 02583 22/03/2019 22/03/2019 Libros Acervo General